000 00416nam a2200181Ia 4500
001 24527
005 20260414151049.0
008 260414t2002||||xx |||||||||||||| ||spa||
041 _aESP
082 _a345.72
_bD59 V. 1
100 _aBentham, Jeremy
_eAUT
245 0 _aTratado de pruebas judiciales
_b
260 _c2002
300 _a
_c28 cm.
650 _aDER
654 _aCDE
942 _cLIB
_dJUS
_fJUS
_2ddc
_n
999 _c24527
_d24527